| 000 | 01817nam a2200373 a 4500 | ||
|---|---|---|---|
| 001 | ebr10496846 | ||
| 003 | CaPaEBR | ||
| 006 | m u | ||
| 007 | cr cn||||||||| | ||
| 008 | 100910s2011 mauaf sb 001 0 eng d | ||
| 010 | _z 2010038504 | ||
| 020 | _z9780674057814 (alk. paper) | ||
| 020 | _z9780674061286 (e-book) | ||
| 040 |
_aCaPaEBR _cCaPaEBR |
||
| 035 | _a(OCoLC)756501815 | ||
| 043 |
_an-us--- _ae-fr--- |
||
| 050 | 1 | 4 |
_aJA83 _b.R724 2011eb |
| 082 | 0 | 4 |
_a320.01/1 _222 |
| 100 | 1 | _aRosenfeld, Sophia A. | |
| 245 | 1 | 0 |
_aCommon sense _h[electronic resource] : _ba political history / _cSophia Rosenfeld. |
| 260 |
_aCambridge, Mass. : _bHarvard University Press, _c2011. |
||
| 300 |
_a337 p., [14] p. of plates : _bill. |
||
| 504 | _aIncludes bibliographical references and index. | ||
| 505 | 0 | _aThe ghost of common sense: London, 1688-1739 -- Everyman's perception of the world: Aberdeen, 1758-1770 -- The radical uses of bon sens: Amsterdam, 1760-1775 -- Building a common sense republic: Philadelphia, 1776 -- Making war on revolutionary reason: Paris, 1790-1792 -- Konigsberg to New York: the fate of common sense in the modern world. | |
| 533 |
_aElectronic reproduction. _bPalo Alto, Calif. : _cebrary, _d2011. _nAvailable via World Wide Web. _nAccess may be limited to ebrary affiliated libraries. |
||
| 600 | 1 | 0 |
_aPaine, Thomas, _d1737-1809. _tCommon sense. |
| 650 | 0 |
_aPolitical science _xHistory _y18th century. |
|
| 650 | 0 |
_aDemocracy _zUnited States. |
|
| 651 | 0 |
_aUnited States _xPolitics and government _y1775-1783. |
|
| 651 | 0 |
_aFrance _xPolitics and government _y1789-1799. |
|
| 655 | 7 |
_aElectronic books. _2local |
|
| 710 | 2 | _aebrary, Inc. | |
| 856 | 4 | 0 |
_uhttp://site.ebrary.com/lib/rucke/Doc?id=10496846 _zAn electronic book accessible through the World Wide Web; click to view |
| 999 |
_c231261 _d231261 |
||